000 00651cam a2200217 4500
008 090401t1998 xxu||||| |||| 00| 0 eng d
020 _a0854069275
035 _a(Sirsi) u91675
041 _aeng
050 _a526.9
110 _aFederation International Des Geometres
245 _aXXI International Congress : developing the profession in a developing world (Brighton, 19-25 July 1998). Volume 0 : official report of the congress.
260 _aLondon
_bFIG
_c1998
300 _aix,203p. : ill. ; 21cm.
350 _a0
650 _aCONFERENCES
650 _aSURVEYORS
690 _aLAND SURVEYING
942 _n0
948 _c02/03/1999
999 _c97663
_d97663